LEADER 01094nam a2200253 4500 001 000000333753 003 CaOOAMICUS 005 20211001153033.0 008 190604s2013 it 000 u ita r 020 $a978-88-428-1952-3 040 $aSeMil$bita 100 1 $aParazzoli, Ferruccio,$d<1935- >.$0(OLS)http://semarc/name/17209 245 13$aIl fantasma di Dio :$bricognizioni dal sottosuolo /$cFerruccio Parazzoli ; postfazione di Giuseppe Genna. 264 1$aMilano :$bIl Saggiatore,$c2013. 300 $a259 p. ;$c22 cm 490 1 $aNarrativa ;$v82 700 1 $aGenna, Giuseppe,$d<1969- >.$0(OLS)http://semarc/name/109552 830 0$aNarrativa ;$v82.$0(OLS)http://semarc/title/423394 850 $aSeMil 852 $aSeMil$W1$xVenegono$y1$m1A VI 134$j213445$B226226$CSeMilBibl$Z2$F226226 $81 996 $6020$a978-88-428-1952-3$9(OLS)http://semarc/number/287408 996 $6245$aIl fantasma di Dio :$bricognizioni dal sottosuolo$9(OLS)http://semarc/title/423420 996 $6264$aMilano :$bIl Saggiatore$9(OLS)http://semarc/publisher/30255